00358cam a22000977a 4500008004000000082001600040245009800056260004800154300000800202700005000210180718b1954 xxu||||| |||| 00| 0 eng d aQ1x595 Un35 aSocial services in the Federation of Malayacby Central Office of Information, United Kingdom aLondonbCentral Office of Informationc1954 a50p aUnited Kingdom. Central Office of Information